Cẩm nang sức khỏe chia sẻ cùng cộng đồng
Cuốn sách cung cấp các phương pháp phòng, chữa bệnh không dùng thuốc và trang bị cho độc giả những kiến thức cần thiết để chủ động phòng tránh bệnh tật và tạo dựng một cuộc sống có ý nghĩa....
Uloženo v:
| Hlavní autor: | |
|---|---|
| Médium: | Kniha |
| Jazyk: | Vietnamese |
| Vydáno: |
H.
Y học
2014
|
| Témata: | |
| Tagy: |
Přidat tag
Žádné tagy, Buďte první, kdo otaguje tento záznam!
|
| Thư viện lưu trữ: | Thư viện Trường Đại học Nam Cần Thơ |
|---|
| LEADER | 01178nam a22002057a 4500 | ||
|---|---|---|---|
| 001 | NCT_55675 | ||
| 008 | 190102b xxu||||| |||| 00| 0 vie d | ||
| 999 | |c 2684 |d 2684 | ||
| 020 | |a 9786046606758 |c 31000 | ||
| 082 | 0 | 4 | |2 23rd ed. |a 613 |b L121 |
| 100 | 1 | |a Nguyễn Đình Lân | |
| 245 | 1 | 0 | |a Cẩm nang sức khỏe chia sẻ cùng cộng đồng |c Nguyễn Đình Lân |
| 260 | |a H. |b Y học |c 2014 | ||
| 300 | |a 71 tr. |c 21cm | ||
| 520 | 3 | |a Cuốn sách cung cấp các phương pháp phòng, chữa bệnh không dùng thuốc và trang bị cho độc giả những kiến thức cần thiết để chủ động phòng tránh bệnh tật và tạo dựng một cuộc sống có ý nghĩa. | |
| 653 | |a Y đa khoa | ||
| 942 | |2 ddc |c BK | ||
| 952 | |0 0 |1 0 |2 ddc |4 0 |6 613_000000000000000_L121 |7 0 |9 14921 |a 000001 |b 000001 |d 2019-01-02 |l 2 |o 613 L121 |p MD.14024 |r 2020-10-20 |s 2020-10-09 |v 31000.00 |w 2019-01-02 |y BK | ||
| 952 | |0 0 |1 0 |2 ddc |4 0 |6 613_000000000000000_L121 |7 0 |9 14922 |a 000001 |b 000001 |d 2019-01-02 |o 613 L121 |p MD.14025 |r 2019-01-02 |v 31000.00 |w 2019-01-02 |y BK | ||
| 980 | |a Thư viện Trường Đại học Nam Cần Thơ | ||


